000 00815nam a2200229 i 4500
001 87384
003 ES-MaACL
005 20230906175647.0
007 t|
008 041221s1970 sp af ||||1|bspa d
080 _a929 Jrushehev, Nikita Sergueevich
080 _a947"1917/.."
100 1 _aJrushchiov, Nikita Sergueevich.
_967086
245 1 0 _aKruschef recuerda /
_cNikita Kruschev ; introducción, comentario y notas de Edward Crankshaw ; [traducción... de José Luis Díaz de Liaño (Diorki)].
250 _a1ª ed.
260 _aMadrid :
_bPrensa Española,
_c1970.
300 _a622 p., 8 lám. :
_bil. ;
_c25 cm.
651 4 _aRusia-
_xHistoria-
_y1917-1921, Revolución.
_99336
700 1 _aCrankshaw, Edward.
_941445
700 1 _aDíaz de Liaño, José Luis.
_944241
852 _aES-MaACL
_jC-37583
999 _c87384
_d87384